MARC details
| 000 -LEADER |
| fixed length control field |
01252namaa2200337 a 4500 |
| 001 - CONTROL NUMBER |
| control field |
vtls001301475 |
| 003 - CONTROL NUMBER IDENTIFIER |
| control field |
NLI |
| 005 - DATE AND TIME OF LATEST TRANSACTION |
| control field |
20210627043305.0 |
| 008 - FIXED-LENGTH DATA ELEMENTS--GENERAL INFORMATION |
| fixed length control field |
120418s1972 dcua i000 0 eng |
| 039 #9 - LEVEL OF BIBLIOGRAPHIC CONTROL AND CODING DETAIL [OBSOLETE] |
| -- |
201204181916 |
| -- |
VLOAD |
| 040 0# - CATALOGING SOURCE |
| Original cataloging agency |
NLI |
| Transcribing agency |
VTLS-2012_FOD |
| Description conventions |
AACR2 |
| 041 0# - LANGUAGE CODE |
| Language code of text/sound track or separate title |
eng |
| 044 ## - COUNTRY OF PUBLISHING/PRODUCING ENTITY CODE |
| MARC country code |
dcu |
| 082 04 - DEWEY DECIMAL CLASSIFICATION NUMBER |
| Classification number |
631.432 |
| 100 1# - MAIN ENTRY--PERSONAL NAME |
| Personal name |
McQueen, I. S. |
| Fuller form of name |
(Irel S.), |
| Dates associated with a name |
1921- |
| 9 (RLIN) |
715283 |
| 245 10 - TITLE STATEMENT |
| Title |
Soil-moisture and energy relationships associated with riparian vegetation near San Carlos, Arizona, |
| Statement of responsibility, etc. |
by I. S. McQueen and R. F. Miller |
| 260 ## - PUBLICATION, DISTRIBUTION, ETC. |
| Place of publication, distribution, etc. |
Washington, D.C. : |
| Name of publisher, distributor, etc. |
United States Department of Interior, |
| Date of publication, distribution, etc. |
1972 |
| 300 ## - PHYSICAL DESCRIPTION |
| Extent |
iv, E 1-E 51 p. : |
| Other physical details |
illus. ; |
| Dimensions |
29 cm. |
| 490 1# - SERIES STATEMENT |
| Series statement |
Geological Survey professional paper 655-E. Gila River phreatophyte project |
| 504 ## - BIBLIOGRAPHY, ETC. NOTE |
| Bibliography, etc. note |
Bibliography: p. E 49-E 51 |
| 650 #0 - SUBJECT ADDED ENTRY--TOPICAL TERM |
| Topical term or geographic name entry element |
Soil moisture |
| 9 (RLIN) |
715284 |
| 650 #0 - SUBJECT ADDED ENTRY--TOPICAL TERM |
| Topical term or geographic name entry element |
Phreatophytes |
| Geographic subdivision |
Arizona |
| 9 (RLIN) |
715285 |
| 650 #0 - SUBJECT ADDED ENTRY--TOPICAL TERM |
| Topical term or geographic name entry element |
Plants |
| General subdivision |
Effect of soil moisture on |
| 9 (RLIN) |
715286 |
| 650 #0 - SUBJECT ADDED ENTRY--TOPICAL TERM |
| Topical term or geographic name entry element |
Riparian plants |
| Geographic subdivision |
Arizona |
| 9 (RLIN) |
715287 |
| 700 1# - ADDED ENTRY--PERSONAL NAME |
| Personal name |
Miller, Reuben F. |
| Fuller form of name |
(Reuben Fred), |
| Relationship |
jt. aut |
| 9 (RLIN) |
715288 |
| 710 1# - ADDED ENTRY--CORPORATE NAME |
| Corporate name or jurisdiction name as entry element |
United States. |
| Subordinate unit |
Department of Interior |
| 9 (RLIN) |
708872 |
| 887 ## - NON-MARC INFORMATION FIELD |
| Content of non-MARC field |
|
| 901 ## - LOCAL DATA ELEMENT A, LDA (RLIN) |
| a |
AD 48086 |
| b |
28.06.1973 |
| 9 |
pap.no.655-E |
| 902 ## - LOCAL DATA ELEMENT B, LDB (RLIN) |
| a |
U.S 631.432 M 11 |
| 942 ## - ADDED ENTRY ELEMENTS (KOHA) |
| Source of classification or shelving scheme |
Dewey Decimal Classification |
| Koha item type |
Books |